[Event "Bhubaneswar KIIT Cup blind"]
[Site "Bhubaneswar"]
[Date "2013.01.31"]
[Round "11"]
[White "Yudhajeet, De"]
[Black "Shashidhar, KM."]
[Result "0-1"]
[WhiteElo "1591"]
[BlackElo "1593"]
[PlyCount "80"]
[EventDate "2013.01.25"]
[EventType "tourn"]
[EventRounds "13"]
[EventCountry "IND"]
[SourceTitle "EXT 2015"]
[Source "ChessBase"]
[SourceDate "2014.11.20"]
[SourceVersion "1"]
[SourceVersionDate "2014.11.20"]
[SourceQuality "1"]

1. d4 d5 2. c4 e6 3. Nc3 c6 4. cxd5 exd5 5. Nf3 h6 6. Bf4 Nf6 7. h3 Bf5 8. Qb3 Qc8 9. Rc1 Nbd7 10. e3 Be7 11. Be2 0-0 12. 0-0 Re8 13. Nb5 Rf8 14. Bd6 Qd8 15. Bxe7 Qxe7 16. Nc7 Rab8 17. Qa4 Nb6 18. Nxd5 Nbxd5 19. Nd2 Nxe3 20. fxe3 Qxe3+ 21. Rf2 Qxd2 22. Rd1 Qg5 23. Qa5 b5 24. Qa3 Rbe8 25. Qf3 Be4 26. Qf4 Qxf4 27. Rxf4 Bxg2 28. Bxb5 Bd5 29. Bf1 Re3 30. Kh2 Rfe8 31. Rf2 Ne4 32. Rc2 Ng3 33. Ba6 Nf5 34. Rf2 Nh4 35. Bd3 Nf3+ 36. Kg3 Ne1+ 37. Kh2 Nxd3 38. Rfd2 Nf4 39. h4 Rh3+ 40. Kg1 Ree3 0-1

[Event "Bhubaneswar KIIT Cup blind"]
[Site "Bhubaneswar"]
[Date "2013.01.30"]
[Round "9"]
[White "Saikrishna, ST."]
[Black "Shashidhar, KM."]
[Result "1-0"]
[WhiteElo "1746"]
[BlackElo "1593"]
[PlyCount "73"]
[EventDate "2013.01.25"]
[EventType "tourn"]
[EventRounds "13"]
[EventCountry "IND"]
[SourceTitle "EXT 2015"]
[Source "ChessBase"]
[SourceDate "2014.11.20"]
[SourceVersion "1"]
[SourceVersionDate "2014.11.20"]
[SourceQuality "1"]

1. e4 e5 2. Nf3 Nc6 3. Bc4 Bc5 4. c3 Nf6 5. d3 h6 6. 0-0 d6 7. a4 a6 8. b4 Ba7 9. b5 axb5 10. axb5 Ne7 11. Be3 b6 12. Nbd2 0-0 13. Re1 Bb7 14. Nf1 c5 15. Qd2 Kh7 16. Ng3 Bb8 17. Rxa8 Bxa8 18. Qc2 d5 19. exd5 Bxd5 20. Bxd5 Qxd5 21. c4 Qb7 22. d4+ e4 23. dxc5 bxc5 24. Bxc5 Bxg3 25. hxg3 Kg8 26. Nd2 Rc8 27. Bxe7 Qxe7 28. Nxe4 Nxe4 29. Rxe4 Qb4 30. Qe2 Kf8 31. Kh2 Qc5 32. Re5 Qc7 33. c5 f6 34. Rd5 Re8 35. Qd3 Re5 36. Rxe5 Qxe5 37. Qd6+ 1-0

[Event "Bhubaneswar KIIT Cup blind"]
[Site "Bhubaneswar"]
[Date "2013.01.30"]
[Round "10"]
[White "Shashidhar, KM."]
[Black "Kishan, Gangolli"]
[Result "1/2-1/2"]
[WhiteElo "1593"]
[BlackElo "2028"]
[PlyCount "51"]
[EventDate "2013.01.25"]
[EventType "tourn"]
[EventRounds "13"]
[EventCountry "IND"]
[SourceTitle "EXT 2015"]
[Source "ChessBase"]
[SourceDate "2014.11.20"]
[SourceVersion "1"]
[SourceVersionDate "2014.11.20"]
[SourceQuality "1"]

1. e4 e6 2. Nf3 d5 3. exd5 exd5 4. d4 Bd6 5. Bd3 Ne7 6. Be3 Nbc6 7. a3 Bf5 8. Nc3 Qd7 9. Qd2 a6 10. h3 Qe6 11. 0-0-0 b5 12. Bf4 Bxd3 13. Bxd6 Qxd6 14. Qxd3 0-0 15. Ng5 Ng6 16. h4 b4 17. axb4 Nxb4 18. Qf5 Qf4+ 19. Qxf4 Nxf4 20. g3 Nh5 21. Rhe1 Rfe8 22. b3 Nf6 23. Nh3 Ng4 24. Kb2 Kf8 25. Rxe8+ Rxe8 26. Rd2 1/2-1/2